Lucy Dacus - Talk (Lyrics) - Statistics

General Stats
  • This quiz has been taken 14 times
  • The average score is 148 of 192
Answer Stats
Answer % Correct
a
100%
I
100%
talk
100%
the
100%
to
100%
we
100%
We
100%
and
92%
be
92%
can
92%
can't
92%
Do
92%
for
92%
in
92%
used
92%
was
92%
what
92%
Why
92%
you
92%
anymore ?
83%
best
83%
by
83%
don't
83%
fights
83%
hotels
83%
hours
83%
it
83%
know
83%
make
83%
our
83%
side,
83%
stairwells ?
83%
their
83%
worst
83%
Your
83%
your
83%
day
75%
go
75%
guess
75%
last
75%
like
75%
love
75%
past
75%
say
75%
sex
75%
talking
75%
they
75%
up
75%
were
75%
when
75%
bored ?
67%
could
67%
did
67%
drink
67%
drop ?
67%
hell
67%
If
67%
living
67%
never
67%
not
67%
or
67%
Or
67%
private
67%
run
67%
start
67%
still
67%
tense
67%
that
67%
thought
67%
'till
67%
way
67%
after
58%
as
58%
come
58%
days
58%
didn't
58%
ears
58%
eye
58%
home
58%
I'll
58%
just
58%
light
58%
mean
58%
mountain,
58%
nervous
58%
night
58%
of
58%
out
58%
poppin'
58%
risky
58%
roads
58%
row
58%
runnin',
58%
same
58%
sundown,
58%
think
58%
turn
58%
But
50%
climb
50%
conversation,
50%
hungry
50%
loomin'
50%
reapin',
50%
runs
50%
serpentine
50%
two
50%
body
42%
Drivin'
42%
specter,
42%
beams
33%
high
33%
interrupt
33%
Silent,
33%
watchin'
33%
scythe
25%
No matching quizzes found
Score Distribution
Percent of People with Each Score
Percentile by Number Answered
Your Score History
You have not taken this quiz